| 000 | 00754nam a22002177i 4500 | ||
|---|---|---|---|
| 999 |
_c22831 _d22831 |
||
| 003 | AR-CdUCM | ||
| 008 | 240419b20092009pe ||||| |||| 00| 0 spa d | ||
| 020 | _a978-9972-816-58-1 | ||
| 040 |
_aMUNICIPALIDAD PROVINCIAL DEL CUSCO _cBIBLIOTECA MUNICIPAL DEL CUSCO |
||
| 082 |
_a362.5 / I37 _bI37 |
||
| 100 |
_aIguíñiz Echevarría, Javier _97318 |
||
| 245 | _aDesarrollo, Libertad y liberación en Amartya Sen y Gustavo Gutiérrez / | ||
| 260 |
_aLima : _bPUCP _c2009 |
||
| 300 |
_a162 Páginas. : _c20.5 cm. |
||
| 650 |
_aDefiniendo el desarrollo. _949565 |
||
| 650 |
_aAcercamientos a la libertad. _949566 |
||
| 650 |
_aLa perspectiva moral. _949567 |
||
| 650 |
_aResumen y conclusiones. _949568 |
||
| 942 |
_2ddc _cLIBROS |
||
| 945 |
_apbj _d2024-04-19 |
||